Analýza rentability v akciovej spoločnosti Slovenské elektrárne

Analýza pomerových ukazovateľov rentability akciovej spoločnosti Slovenské elektrárne v období rokov 2012-2015. Rentabilita celkového kapitálu, rentabilita aktív, rentabilita vlastného kapitálu, rentabilita tržieb, ziskovosť. Porovnanie ukazovateľov rentability v čase.

Saved in:
Bibliographic Details
Main Author: Karková, Jana
Other Authors: Lukáč, Jozef, 1991-
Format: Book Chapter
Language:Slovak
Subjects:
Tags: Add Tag
No Tags, Be the first to tag this record!

MARC

LEADER 00000nla a2200000 4500
001 0238531
005 20240502073848.2
041 0 |a slo 
044 |a SK 
245 1 0 |a Analýza rentability v akciovej spoločnosti Slovenské elektrárne  |c Jana Karková, Jozef Lukáč 
520 |a Analýza pomerových ukazovateľov rentability akciovej spoločnosti Slovenské elektrárne v období rokov 2012-2015. Rentabilita celkového kapitálu, rentabilita aktív, rentabilita vlastného kapitálu, rentabilita tržieb, ziskovosť. Porovnanie ukazovateľov rentability v čase. 
610 2 0 |a elektrárne 
610 2 0 |a rentabilita 
610 2 0 |a tržby 
610 2 0 |a kapitál vlastný 
610 2 0 |a zisk 
610 2 0 |a aktíva 
100 1 |a Karková, Jana 
700 1 |a Lukáč, Jozef, 1991-